Hex Color Quiz (Easy #3) - Statistics

General Stats
  • This quiz has been taken 38 times
  • The average score is 5 of 8
Answer Stats
Question Answer % Correct
#800000
90%
#000080
86%
#008000
79%
#800080
79%
#008080
76%
#808000
66%
No matching quizzes found
Score Distribution
Percent of People with Each Score
Percentile by Number Answered
Your Score History
You have not taken this quiz